Understanding Human differences.( 2nd edition) (Record no. 60696)
[ view plain ]
| 000 -LEADER | |
|---|---|
| fixed length control field | 00712nam a2200181 a 4500 |
| 008 - FIXED-LENGTH DATA ELEMENTS--GENERAL INFORMATION | |
| fixed length control field | 210225s2008 ||||||||||||||||| || u |
| 020 ## - INTERNATIONAL STANDARD BOOK NUMBER | |
| International Standard Book Number | 9780205531042 |
| 050 ## - LIBRARY OF CONGRESS CALL NUMBER | |
| Classification number | LC 1099.3 Kop |
| 100 ## - MAIN ENTRY--PERSONAL NAME | |
| Personal name | Koppelman, Kent L |
| 245 10 - TITLE STATEMENT | |
| Title | Understanding Human differences.( 2nd edition) |
| Statement of responsibility, etc. | By Kent L.Koppelman; R .Lee Goodhart |
| 250 ## - EDITION STATEMENT | |
| Edition statement | 2nd edition |
| 260 ## - PUBLICATION, DISTRIBUTION, ETC. | |
| Place of publication, distribution, etc. | Boston |
| Name of publisher, distributor, etc. | Pearson/A&B |
| Date of publication, distribution, etc. | 2008 |
| 300 ## - PHYSICAL DESCRIPTION | |
| Extent | xxvi,388 pages:illustrations |
| 350 ## - PRICE (NR) (BK AM CF MU VM SE) [OBSOLETE] | |
| Price | 15.56 |
| 650 ## - SUBJECT ADDED ENTRY--TOPICAL TERM | |
| Topical term or geographic name entry element | MULTICULTURAL EDUCATION--UNITED STATES |
| 650 ## - SUBJECT ADDED ENTRY--TOPICAL TERM | |
| Topical term or geographic name entry element | DISCRIMINATION--UNITED STATES |
| 995 ## - RECOMMENDATION 995 [LOCAL, UNIMARC FRANCE] | |
| -- | CBU-MAIN LIBRARY (Kitwe) |
| -- | 15.56 |
| -- | 1 |
| -- | AVAILABLE |
| -- | Mar 11, 2021 |
| -- | Main Library Open Access Collection |
| Withdrawn status | Lost status | Source of classification or shelving scheme | Damaged status | Not for loan | Home library | Current library | Shelving location | Date acquired | Total Checkouts | Full call number | Barcode | Date last seen | Date last checked out | Price effective from | Koha item type |
|---|---|---|---|---|---|---|---|---|---|---|---|---|---|---|---|
| CBU-MAIN LIBRARY, KITWE. | CBU-MAIN LIBRARY, KITWE. | 11/30/2022 | 1 | LC 1099.3 Kop | 750827 | 07/23/2025 | 07/23/2025 | 11/30/2022 | MONOGRAPH |